02538nam a22002417a 450000500170000000800410001702000180005804000070007604100120008308200180009510000320011324500340014526000430017930000310022236500610025352017160031465000290203070000210205970000230208094200120210399900190211595201620213420250801160111.0220225b ||||| |||| 00| 0 eng d a9788180547676 cAL aEnglish 223a547bSONT aP L Soni and others9233664 aTextbook of Organic Chemistry aNew Delhibsultan Chand and Sonsc2019 avii,1350 p.bPBc24x18 cm. aMLSH21CRB336b₹636.00c₹d₹795.00e20%f20-02-2022 aSpecial Features ‘Explain’ the matter rather than presenting the facts in an encyclopaedic manner. Used reaction mechanisms throughout the text. The chapter on Stereo-chemistry has been thoroughly rewritten. Re-written the sections on Stereo-chemistry of cyclic compounds, correlation of different conformers of substituted cyclohexanes. The E and Z designations, the R and S nomenclature of stereo-isomers, details of symmetry elements, etc. have been added and expanded. Greatly expanded and rewritten ‘Principles of mass spectroscopy, UV, IR and NMR spectroscopy. Included spectroscopic analysis of type of compounds discussed in each chapter throughout the book. These chapters have been rewritten. New sections on Feiser-Woodward and Feiser-Kuhn rules in UV spectroscopy, additional explanations and conclusions of various electronic transitions have been included. The chapter on biochemistry now includes structure and composition of the living cell. The chapters dealing with aromatic chemistry and heterocyclic compounds have been greatly improved over the previous editions. The chemistry of carbohydrates has been rewritten. Conformational isomerism in monosaccharides, disacchaides and plysaccharides has been explained and conversions encountered in carbohydrate chemistry have been provided. The chapter on proteins now includes principles of peptide bond formation and a discussion on primary, secondary, tertiary and quaternary structures of proteins. Newer synthesis have been added in the sections on alkaloids, terpenoids, ureides, purines and pyrimidines, and synthesis and natural dyes. Retained resonance structures rather than the more advanced, frontier molecular orbital diagrams. aOrganic chemistry921984 aSoni, P L921985 aChawla, H M921986 2ddccBK c221632d221632 00102ddc40708CHEaALbALcSKd2022-02-23eSapna Book House (P) Ltd.g636.00l1o547 SONTp075492r2023-12-16 00:00:00s2023-08-28v795.00w2022-02-25yBK